Statistics for Naruto characters

Click here to take the quiz!

General Stats

  • This quiz has been taken 589 times
  • The average score is 8 of 15

Answer Stats

HintAnswer% Correct
naruto
100%
sakura
98%
sasuke
98%
kakashi
96%
hinata
72%
shikamaru
72%
choji
65%
shino
55%
tenten
43%
gaara
41%
madara
32%
kankuro
25%
nagato
17%
izuna
2%
kimimaru
0%

Score Distribution

Percentile by Number Answered

Percent of People with Each Score

Your Score History

You have not taken this quiz